|
|
|
|
| LEADER |
00849nas a2200313 a 4500 |
| 001 |
000768438 |
| 003 |
CZ BrMZK |
| 005 |
20241107091810.0 |
| 007 |
ta |
| 008 |
050330c19819999dcuar p 0 a0eng d |
| 022 |
|
|
|a 0277-1527
|
| 040 |
|
|
|a BOA001
|b cze
|
| 072 |
|
7 |
|a 913
|x Regionální geografie
|2 Konspekt
|9 7
|
| 080 |
|
|
|a 913(100)
|2 MRF
|
| 080 |
|
|
|a (058)
|2 MRF
|
| 210 |
0 |
|
|a World factbook
|
| 222 |
|
4 |
|a The World factbook
|
| 245 |
0 |
4 |
|a The World factbook
|
| 260 |
|
|
|a Washington :
|b Central Intelligence Agency,
|c 1981-^^^^
|
| 300 |
|
|
|a ^^^sv. ;
|c 27 cm
|e volné mapy
|
| 310 |
|
|
|a 1x ročně
|
| 362 |
0 |
|
|a 1981-
|
| 500 |
|
|
|a Popsáno podle: 2002
|
| 541 |
|
|
|c dar-r-u
|
| 650 |
0 |
4 |
|a regionální geografie světa
|7 ph120523
|
| 655 |
|
7 |
|a ročenky
|7 fd133307
|2 czenas
|
| 910 |
|
|
|a BOA001
|b 3-1132.782
|r 2002-
|
| 990 |
|
|
|a SE
|
| 991 |
|
|
|s SKRYTO odpis
|